<?xml version="1.0" encoding="UTF-8"?>
<record
    xmlns:xsi="http://www.w3.org/2001/XMLSchema-instance"
    xsi:schemaLocation="http://www.loc.gov/MARC21/slim http://www.loc.gov/standards/marcxml/schema/MARC21slim.xsd"
    xmlns="http://www.loc.gov/MARC21/slim">

  <leader>01723    a2200229   4500</leader>
  <controlfield tag="001">45033</controlfield>
  <controlfield tag="005">20260407155725.0</controlfield>
  <controlfield tag="008">260407a1976    arg                 spa d</controlfield>
  <controlfield tag="003">AR-UNSa-BCEJYS</controlfield>
  <datafield tag="040" ind1=" " ind2=" ">
    <subfield code="a">AR-UNSa-BCEJYS</subfield>
    <subfield code="b">spa</subfield>
    <subfield code="c">AR-UNSa-BCEJYS</subfield>
  </datafield>
  <datafield tag="080" ind1=" " ind2=" ">
    <subfield code="a">330.101.541</subfield>
    <subfield code="x">Macroeconom&#xED;a</subfield>
  </datafield>
  <datafield tag="245" ind1="1" ind2="0">
    <subfield code="a">Teor&#xED;as y problemas de Macroeconom&#xED;a</subfield>
  </datafield>
  <datafield tag="020" ind1=" " ind2=" ">
    <subfield code="a">968-451-276-7</subfield>
  </datafield>
  <datafield tag="264" ind1=" " ind2="1">
    <subfield code="a">M&#xE9;xico :</subfield>
    <subfield code="b">McGraw-Hill</subfield>
    <subfield code="c">1976</subfield>
  </datafield>
  <datafield tag="300" ind1=" " ind2=" ">
    <subfield code="a">208 p.</subfield>
    <subfield code="c">27 cm.</subfield>
  </datafield>
  <datafield tag="505" ind1=" " ind2=" ">
    <subfield code="a">1. Introducci&#xF3;n al an&#xE1;lisis macroeconomico &#x2013; 2. El nivel del ingreso en un modelo econ&#xF3;mico de dos sectores &#x2013; 3.El multiplicador en un modelo de dos sectores &#x2013; 4. El gobierno y el nivel del ingreso &#x2013; 5.El sector internacional y el nivel del ingreso &#x2013; 6. Multiplicadores para un modelo de econom&#xED;a de cuatro sectores &#x2013; 7. La teor&#xED;a de Keynes sobre la demanda de consumo &#x2013; 8. Teor&#xED;as de posguerra sobre la demanda de consumo &#x2013; 9. La eficiencia marginal del capital &#x2013; 10. Teor&#xED;as sobre la inversi&#xF3;n &#x2013; 11. El equilibrio en los mercados de bienes &#x2013; 12. El dinero y el nivel del ingreso &#x2013; 13. La teor&#xED;a keynesiana de la demanda de dinero &#x2013; 14.El equilibrio en los mercados monetarios &#x2013; 15. Teor&#xED;a contempor&#xE1;nea de la demanda de dinero &#x2013; 16. Equilibrio simult&#xE1;neo en los mercados monetario y de productos &#x2013; 17. La efectividad de la pol&#xED;tica monetaria y fiscal &#x2013; 18. Producto de equilibrio con un mercado de trabajo &#x2013; 19. El nivel de precios y el ingreso de equilibrio &#x2013; 20. Determinantes del nivel de precios &#x2013; 21. El gasto colectivo y el crecimiento equilibrado.</subfield>
  </datafield>
  <datafield tag="041" ind1=" " ind2=" ">
    <subfield code="a">spa</subfield>
  </datafield>
  <datafield tag="942" ind1=" " ind2=" ">
    <subfield code="c">BK</subfield>
  </datafield>
  <datafield tag="590" ind1=" " ind2=" ">
    <subfield code="a">niveau_biblio:m niveau_hierar:0</subfield>
  </datafield>
  <datafield tag="100" ind1="1" ind2=" ">
    <subfield code="a">C&#xE1;rdenas Nannetti, Jorge</subfield>
  </datafield>
  <datafield tag="700" ind1="1" ind2=" ">
    <subfield code="a">Diulio, Eugene</subfield>
  </datafield>
  <datafield tag="999" ind1=" " ind2=" ">
    <subfield code="c">3884</subfield>
    <subfield code="d">3884</subfield>
  </datafield>
  <datafield tag="952" ind1=" " ind2=" ">
    <subfield code="0">0</subfield>
    <subfield code="1">0</subfield>
    <subfield code="4">0</subfield>
    <subfield code="7">0</subfield>
    <subfield code="a">BCEJYS</subfield>
    <subfield code="b">BCEJYS</subfield>
    <subfield code="c">16</subfield>
    <subfield code="d">2026-04-07</subfield>
    <subfield code="l">0</subfield>
    <subfield code="o">330.101.541 D536</subfield>
    <subfield code="p">L39354</subfield>
    <subfield code="r">2026-04-07 15:57:25</subfield>
    <subfield code="w">2026-04-07</subfield>
    <subfield code="y">L</subfield>
  </datafield>
</record>
